| 000 | 01207cam a22003617a 4500 | ||
|---|---|---|---|
| 003 | CHAP | ||
| 005 | 20220329142738.0 | ||
| 008 | 030430d2002 us r 00110 eng d | ||
| 010 | _a87159 | ||
| 011 | _a88131 | ||
| 020 | _a1566705819 | ||
| 035 | _a98676 | ||
| 040 | _cCHAP | ||
| 082 | 0 | 0 |
_a631.4 _bK6 |
| 100 | 0 | 0 |
_aKimble, J. M. _963237 |
| 245 | 1 | 0 |
_aAgricultural practices and policies for carbon sequestration in soil _c/by J.M. Kimble, R. Lal and R.F. Follett |
| 260 |
_aBoca Ratón : _bLewis publishers, _c2002. |
||
| 300 |
_a512 p. ; _bgráfs. |
||
| 590 |
_aBATCH-UPD _b10 _c20130110 _lUCH01 _h0133 |
||
| 590 |
_aBATCH-UPD _b10 _c20130110 _lUCH01 _h1524 |
||
| 590 |
_aBATCH-UPD _b10 _c20130410 _lUCH01 _h0935 |
||
| 590 |
_aBATCH-UPD _b10 _c20130914 _lUCH01 _h1425 |
||
| 590 |
_aCONVERSION _b10 _c20130109 _lUCH01 _h1348 |
||
| 650 | 1 | 4 |
_aLabranza de conservación. _964308 |
| 650 | 1 | 4 |
_aSuelos agrícolas. _9110531 |
| 650 | 1 | 4 |
_aSuelos _xCarbón en. _9110233 |
| 700 | 0 |
_aFollett, Ronald F. _942079 |
|
| 700 | 0 |
_aLal, Rattan. _964518 |
|
| 901 | _aBK | ||
| 905 | _aAlejandra Carrasco M. | ||
| 942 | _cLIBRO | ||
| 949 |
_a631.4 K6 _bBC _cLIBRO _d33724000889143 _eLIBRO _h103557 _i98676 _kI.217062 _sb _t$ 1 680.00 |
||
| 999 |
_c87159 _d87159 |
||